NBA MVPs - Sudden Death - Statistics

General Stats
  • This quiz has been taken 124,171 times
  • The average score is 13 of 18
Answers on the Grid
Answers color-coded by a green-red scale on the quiz's grid according to % correct below.
Giannis Antetokounmpo
Charles Barkley
Larry Bird
Jalen Brunson
Kobe Bryant
Steph Curry
Anthony Davis
Luka Dončić
Tim Duncan
Kevin Durant
Joel Embiid
Anthony Edwards
Patrick Ewing
Manu Ginobili
James Harden
Allen Iverson
LeBron James
Nikola Jokić
Michael Jordan
Brandon Miller
Yao Ming
Donovan Mitchell
Evan Mobley
Shaquille O'Neal
Hakeem Olajuwon
Chris Paul
David Robinson
Derrick Rose
Jayson Tatum
Klay Thompson
Victor Wembanyama
Russell Westbrook
 
Answer Stats
Answer % Correct
2019, 2020 Giannis Antetokounmpo
92%
2008 Kobe Bryant
92%
2015, 2016 Steph Curry
86%
1984, 1985, 1986 Larry Bird
83%
2002, 2003 Tim Duncan
79%
2014 Kevin Durant
77%
2009, 2010, 2012, 2013 LeBron James
77%
1988, 1991, 1992, 1996, 1998 Michael Jordan
72%
2023 Joel Embiid
71%
2021, 2022, 2024 Nikola Jokić
71%
2000 Shaquille O'Neal
69%
1993 Charles Barkley
68%
2018 James Harden
67%
2001 Allen Iverson
65%
2017 Russell Westbrook
65%
2011 Derrick Rose
64%
1994 Hakeem Olajuwon
64%
1995 David Robinson
54%
No matching quizzes found
Score Distribution
Percent of People with Each Score
Percentile by Number Answered
Your Score History
You have not taken this quiz